| 000 | 00494nam a2200133Ia 4500 | ||
|---|---|---|---|
| 008 | 250516s9999 xx 000 0 und d | ||
| 020 | _a978135027230997813502665829781350266599 | ||
| 100 | _aEmmanuel Destenay | ||
| 245 | 0 | _aConscription, US Intervention and the Transformation of Ireland 1914-1918 Divergent Destinies | |
| 260 |
_c2022 _bBloomsbury Academic |
||
| 650 | _aHistory | ||
| 856 | _uhttps://doi.org/10.5040/9781350272309?locatt=label:secondary_bloomsburyCollections | ||
| 942 | _cEB | ||
| 999 |
_c390331 _d390331 |
||